[Event "Oakham Young Masters 5th"]
[Site "Oakham"]
[Date "1992.03.27"]
[Round "4"]
[White "Degraeve, Jean Marc"]
[Black "Hall, Jesper"]
[Result "1-0"]
[WhiteElo "2470"]
[BlackElo "2370"]
[PlyCount "85"]
[EventDate "1992.03.24"]
[EventType "swiss"]
[EventRounds "9"]
[EventCountry "ENG"]
[SourceTitle "BritBase"]
[Source "John Saunders"]
[SourceDate "2024.12.03"]
[SourceVersion "1"]
[SourceVersionDate "2024.12.03"]
[SourceQuality "1"]

1. e4 c5 2. Nf3 a6 3. c3 e6 4. d4 d5 5. e5 Bd7 6. Bd3 Bb5 7. Bxb5+ axb5 8. dxc5 Bxc5 9. b4 Bb6 10. Na3 Ne7 11. Nxb5 O-O 12. O-O Ng6 13. Qe2 Nc6 14. Re1 Qd7 15. a4 Rae8 16. Be3 Bxe3 17. Qxe3 f6 18. exf6 Rxf6 19. Rad1 Ref8 20. Ng5 Nce5 21. Ne4 Rf4 22. Nc5 Qe7 23. Re2 Rg4 24. Nd4 Rf6 25. f3 Rgf4 26. a5 Qf7 27. Kh1 Nc4 28. Qd3 Nge5 29. Qc2 Ng4 30. Ncxe6 Nce3 31. Qd2 Nxd1 32. Qxd1 Re4 33. Ng5 Qh5 34. Nh3 Rxe2 35. fxg4 Rd2 36. Qxd2 Rf1+ 37. Ng1 Qxg4 38. Ndf3 Qe4 39. h3 h6 40. Kh2 Kf7 41. Qd4 g5 42. Qb6 Qf4+ 43. Kh1 1-0

[Event "Oakham Young Masters 5th"]
[Site "Oakham"]
[Date "1992.03.27"]
[Round "4"]
[White "Djurhuus, Rune"]
[Black "Rublevsky, Sergei"]
[Result "0-1"]
[WhiteElo "2420"]
[BlackElo "2505"]
[PlyCount "108"]
[EventDate "1992.03.24"]
[EventType "swiss"]
[EventRounds "9"]
[EventCountry "ENG"]
[SourceTitle "BritBase"]
[Source "John Saunders"]
[SourceDate "2024.12.03"]
[SourceVersion "1"]
[SourceVersionDate "2024.12.03"]
[SourceQuality "1"]

1. d4 d5 2. c4 dxc4 3. e4 e5 4. Nf3 exd4 5. Bxc4 Bb4+ 6. Bd2 Bxd2+ 7. Qxd2 c5 8. b4 Nc6 9. bxc5 Nf6 10. O-O O-O 11. Re1 Bg4 12. e5 Nd7 13. Nxd4 Ncxe5 14. Bd5 Qf6 15. h3 Bh5 16. Nb3 Rad8 17. Nc3 Bg6 18. Bxb7 Nxc5 19. Nd5 Rxd5 20. Qxd5 Ned3 21. Rf1 Be4 22. Qc4 Bxb7 23. Nxc5 Qc6 24. f3 Nxc5 25. Rfc1 Rc8 26. Rab1 Ne6 27. Qf1 Qd7 28. Rd1 Qe7 29. Qb5 Rc7 30. Qa5 a6 31. Rd2 g6 32. Rdb2 h5 33. Kh1 Kh7 34. Qb6 Bc8 35. Qb8 Qg5 36. Re1 Rc1 37. Rbe2 Rxe1+ 38. Rxe1 Nf4 39. Qb2 Be6 40. Rd1 h4 41. Rd6 a5 42. Rb6 Nd3 43. Qd4 Nf4 44. Qb2 Nh5 45. Ra6 Qd5 46. Kh2 Ng3 47. Qf6 Nf5 48. a3 a4 49. Rxa4 Qd6+ 50. f4 Qd2 51. Rb4 Qf2 52. Qb2 Qg3+ 53. Kg1 Qe1+ 54. Kh2 Ne3 0-1

[Event "Oakham Young Masters 5th"]
[Site "Oakham"]
[Date "1992.03.30"]
[Round "7"]
[White "Relange, Eloi"]
[Black "Piper, Matthew S"]
[Result "1/2-1/2"]
[WhiteElo "2275"]
[BlackElo "2275"]
[PlyCount "100"]
[EventDate "1992.03.24"]
[EventType "swiss"]
[EventRounds "9"]
[EventCountry "ENG"]
[SourceTitle "BritBase"]
[Source "John Saunders"]
[SourceDate "2024.12.03"]
[SourceVersion "1"]
[SourceVersionDate "2024.12.03"]
[SourceQuality "1"]

1. d4 Nf6 2. c4 e6 3. Nc3 Bb4 4. e3 c5 5. Bd3 Nc6 6. Nge2 cxd4 7. exd4 d5 8. a3 dxc4 9. Bxc4 Be7 10. O-O O-O 11. Bf4 a6 12. Rc1 b5 13. Ba2 Bb7 14. d5 exd5 15. Nxd5 Nxd5 16. Bxd5 Rc8 17. Nc3 Bf6 18. b4 Ba8 19. Bd6 Be7 20. Ne4 Kh8 21. Bxe7 Qxe7 22. Qh5 h6 23. Nc5 Nd4 24. Rfe1 Qg5 25. Qxg5 hxg5 26. Ba2 Kg8 27. Re7 a5 28. Rd1 Nc6 29. Ree1 axb4 30. Nd7 Rfe8 31. Nb6 Rxe1+ 32. Rxe1 Rb8 33. Nxa8 Rxa8 34. Bd5 Rc8 35. Bxc6 Rxc6 36. axb4 Rc4 37. Rb1 f6 38. g3 Kf7 39. Kg2 g4 40. h3 gxh3+ 41. Kxh3 Ke6 42. f4 Kf5 43. Rb2 g5 44. fxg5 Kxg5 45. Rb1 f5 46. Rb3 Rd4 47. Rb2 f4 48. Kg2 Kg4 49. gxf4 Rxf4 50. Rf2 Re4 1/2-1/2

[Event "Oakham Young Masters 5th"]
[Site "Oakham"]
[Date "1992.03.30"]
[Round "7"]
[White "Svidler, Peter"]
[Black "Hennigan, Michael T"]
[Result "0-1"]
[WhiteElo "2465"]
[BlackElo "2375"]
[PlyCount "70"]
[EventDate "1992.03.24"]
[EventType "swiss"]
[EventRounds "9"]
[EventCountry "ENG"]
[SourceTitle "BritBase"]
[Source "John Saunders"]
[SourceDate "2024.12.03"]
[SourceVersion "1"]
[SourceVersionDate "2024.12.03"]
[SourceQuality "1"]

1. e4 d6 2. d4 Nf6 3. Nc3 g6 4. g3 Bg7 5. Bg2 O-O 6. Nge2 e5 7. h3 Nc6 8. Be3 Bd7 9. O-O a6 10. a4 exd4 11. Nxd4 Re8 12. Re1 Nb4 13. g4 c5 14. Nde2 Bc6 15. Ng3 b6 16. g5 Nd7 17. f4 Nf8 18. Re2 Qc7 19. Qc1 Rad8 20. Nd5 Bxd5 21. exd5 Rxe3 22. Rxe3 Bd4 23. Raa3 Re8 24. Nf1 f5 25. gxf6 Nd7 26. f7+ Kxf7 27. Kh2 Bxe3 28. Nxe3 Nf6 29. f5 Kg7 30. fxg6 hxg6 31. Qd2 Qe7 32. Nc4 Qe2 33. Qxe2 Rxe2 34. Re3 Rxc2 35. Nxb6 Nbxd5 0-1

[Event "Oakham Young Masters 5th"]
[Site "Oakham"]
[Date "1992.03.31"]
[Round "8"]
[White "Moutousis, Konstantinos"]
[Black "Kogan, Artur"]
[Result "0-1"]
[WhiteElo "2405"]
[BlackElo "2370"]
[PlyCount "64"]
[EventDate "1992.03.24"]
[EventType "swiss"]
[EventRounds "9"]
[EventCountry "ENG"]
[SourceTitle "BritBase"]
[Source "John Saunders"]
[SourceDate "2024.12.03"]
[SourceVersion "1"]
[SourceVersionDate "2024.12.03"]
[SourceQuality "1"]

1. d4 Nf6 2. c4 e6 3. Nc3 Bb4 4. e3 d6 5. Bd3 c5 6. Nge2 Nc6 7. O-O O-O 8. a3 Ba5 9. Bc2 Qe7 10. d5 Ne5 11. b3 exd5 12. cxd5 Neg4 13. Qd3 Ne5 14. Qd2 b5 15. e4 Re8 16. f4 Ng6 17. Ng3 c4 18. b4 Bb6+ 19. Kh1 Ng4 20. h3 Qh4 21. Rf3 Nf2+ 22. Rxf2 Bxh3 23. Nf1 Bxf2 24. gxh3 Nxf4 25. Qxf4 Qxh3+ 26. Nh2 Qxc3 27. Qxf2 Qxa1 28. Qg1 f5 29. Nf3 Qc3 30. Qd1 fxe4 31. Ng5 Re5 32. Bf4 Rxg5 0-1

[Event "Oakham Young Masters 5th"]
[Site "Oakham"]
[Date "1992.04.01"]
[Round "9"]
[White "Hsu, Li Yang"]
[Black "Martinidesz, Denes"]
[Result "1-0"]
[WhiteElo "2290"]
[BlackElo "2215"]
[PlyCount "97"]
[EventDate "1992.03.24"]
[EventType "swiss"]
[EventRounds "9"]
[EventCountry "ENG"]
[SourceTitle "BritBase"]
[Source "John Saunders"]
[SourceDate "2024.12.03"]
[SourceVersion "1"]
[SourceVersionDate "2024.12.03"]
[SourceQuality "1"]

1. d4 Nf6 2. c4 e5 3. dxe5 Ng4 4. Bf4 Bb4+ 5. Nd2 Nc6 6. Ngf3 Qe7 7. a3 Ngxe5 8. Nxe5 Nxe5 9. e3 Bxd2+ 10. Qxd2 d6 11. Be2 Bd7 12. O-O Bc6 13. b4 Ng6 14. Bg3 h5 15. b5 Be4 16. f3 Bf5 17. e4 Bc8 18. Rae1 O-O 19. h3 b6 20. f4 h4 21. Bh2 Bb7 22. Bd3 f6 23. c5 Nh8 24. c6 Bc8 25. Qf2 g5 26. fxg5 fxg5 27. Qxf8+ Qxf8 28. Rxf8+ Kxf8 29. e5 Nf7 30. e6 Ne5 31. Bxe5 dxe5 32. Rxe5 Ke7 33. Bc4 a6 34. Rxg5 axb5 35. Bb3 Rxa3 36. Rg7+ Ke8 37. Rxc7 Rxb3 38. Rxc8+ Ke7 39. Rb8 Rc3 40. Rxb6 Kxe6 41. Rxb5 Rc4 42. Rg5 Kd6 43. Rg4 Rxg4 44. hxg4 Kxc6 45. Kh2 Kd6 46. Kh3 Ke7 47. Kxh4 Kf6 48. Kh5 Kf7 49. Kh6 1-0

[Event "Oakham Young Masters 5th"]
[Site "Oakham"]
[Date "1992.04.01"]
[Round "9"]
[White "Ong, Chong Ghee"]
[Black "Jirovsky, Milos"]
[Result "1-0"]
[WhiteElo "2205"]
[BlackElo "2425"]
[PlyCount "51"]
[EventDate "1992.03.24"]
[EventType "swiss"]
[EventRounds "9"]
[EventCountry "ENG"]
[SourceTitle "BritBase"]
[Source "John Saunders"]
[SourceDate "2024.12.03"]
[SourceVersion "1"]
[SourceVersionDate "2024.12.03"]
[SourceQuality "1"]

1. d4 d5 2. c4 e6 3. Nc3 Nf6 4. Bg5 Nbd7 5. cxd5 exd5 6. e3 Bb4 7. Bd3 c5 8. Nge2 c4 9. Bc2 O-O 10. O-O Qa5 11. f3 Re8 12. Qd2 b5 13. a3 Be7 14. e4 dxe4 15. fxe4 h6 16. Bxh6 gxh6 17. Qxh6 Ng4 18. Qh5 Nde5 19. h3 b4 20. Nd5 b3 21. hxg4 Be6 22. dxe5 Qc5+ 23. Kh1 Kg7 24. Nef4 Qc6 25. Nxe6+ Qxe6 26. Rf6 1-0

[Event "Oakham Young Masters 5th"]
[Site "Oakham"]
[Date "1992.04.01"]
[Round "9"]
[White "Topakian, Raffi"]
[Black "Cullip, Stephen J"]
[Result "1-0"]
[WhiteElo "2255"]
[BlackElo "2320"]
[PlyCount "63"]
[EventDate "1992.03.24"]
[EventType "swiss"]
[EventRounds "9"]
[EventCountry "ENG"]
[SourceTitle "BritBase"]
[Source "John Saunders"]
[SourceDate "2024.12.03"]
[SourceVersion "1"]
[SourceVersionDate "2024.12.03"]
[SourceQuality "1"]

1. e4 c5 2. Nf3 e6 3. d4 cxd4 4. Nxd4 a6 5. Nc3 Qc7 6. g3 Bb4 7. Nde2 Nf6 8. Bg2 Nc6 9. Bf4 d6 10. a3 Bxc3+ 11. Nxc3 Ne5 12. Qd4 Bd7 13. Rd1 Bc6 14. O-O Ke7 15. Bg5 h6 16. Bc1 Rac8 17. h3 b5 18. f4 Ned7 19. Kh2 Ba8 20. Be3 Rhd8 21. Rf2 Qb8 22. Rfd2 a5 23. e5 dxe5 24. fxe5 Nd5 25. Nxd5+ exd5 26. e6 Nf6 27. Bf4 Qb7 28. exf7 Kxf7 29. Rf1 Rc4 30. Qd3 Re8 31. Bxh6 gxh6 32. Qh7+ 1-0